Suoni del corpo, segni del cuore : la danza butō fra Oriente e Occidente /

Salvato in:
Dettagli Bibliografici
Autore principale: Salerno, Giorgio (Autore)
Natura: Libro
Lingua:italiano
Pubblicazione: Milano : Costa & Nolan, \1998!
Serie:I turbamenti dell'arte
Soggetti:
Tags: Aggiungi Tag
Nessun Tag, puoi essere il primo ad aggiungerne!!

MARC

LEADER 00000nam a2200000 i 4500
001 IT\ICCU\PUV\0388991
003 ItRI
005 20260115231925.0
008 981028s1998 it |||||| ||||| |||||c
015 |2 IT  |a 99-4358 
020 |a 8876483276 
040 |b ita  |c importazione bologna sebina 
041 7 |a ita  |2 ISO-639-2 
082 |a 792.80952  |9 BALLETTO E DANZA MODERNA. Giappone  |2 20 
100 1 |a Salerno, Giorgio  |0 IT\ICCU\CFIV\131802  |4 aut 
245 1 0 |a Suoni del corpo, segni del cuore :  |b la danza butō fra Oriente e Occidente /  |c Giorgio Salerno. 
260 |a Milano :  |b Costa & Nolan,  |c \1998! 
300 |a 251 p., \8! c. di tav. :  |b ill. ;  |c 21 cm. 
650 7 |a Butō  |2 scbi 
650 7 |a Danza  |x Giappone  |x 1960-1996  |2 scbi 
830 2 |a I turbamenti dell'arte  |0 IT\ICCU\CFI\0000220 
942 |2 ddc  |c BK  |n 0 
952 |0 0  |1 0  |4 0  |6 DOC_792_809000000000000_SAL  |7 0  |9 16661  |a BO  |b BO  |d 2026-01-15  |i 14040  |l 0  |o DOC 792.809 SAL  |p BO14040  |r 2026-01-15 23:19:25  |w 2026-01-15  |x [Sebina 5] [1 v.]  |y BK  |z 1 v. 
999 |c 14255  |d 14255